All team to ever play at UEFA Euro - Statistics

General Stats
  • This quiz has been taken 3,701 times
    2,870 since last reset
  • The average score is 31 of 36
Answer Stats
Total Apps Best Results Team % Correct
10 Champions Spain
99%
9 Champions France
98%
7 Champions Germany
98%
9 Champions Italy
97%
7 Champions Portugal
97%
9 Third Place England
96%
6 Semi-Finals Russia
95%
6 Semi-Finals Sweden
94%
9 Champions Netherlands
93%
8 (-1) Champions Denmark
92%
4 Champions Greece
92%
3 Round of 16 Republic of Ireland
92%
5 (+1) Runners-up Yugoslavia
92%
5 Runners-up Belgium
91%
5 Quarter Finals Croatia
89%
1 Semi-Finals Wales
89%
1 Group Stage Norway
88%
4 Group Stage Switzerland
88%
3 Quarter Finals Poland
87%
2 Group Stage Scotland
87%
2 Group Stage Austria
86%
1 Round of 16 Slovakia
86%
2 Group Stage Ukraine
86%
3 Third Place Hungary
85%
4 Semi-Finals Turkey
85%
1 Group Stage Slovenia
84%
1 Quarter Finals Iceland
82%
5 Quarter Finals Romania
80%
6 Runners-up Czech Republic
79%
2 Group Stage Bulgaria
78%
1 Round of 16 Northern Ireland
75%
1 Group Stage Albania
72%
3 Champions Czechoslovakia
63%
1 Group Stage Latvia
60%
5 Champions Soviet Union
60%
5 Champions West Germany
50%
No matching quizzes found
Score Distribution
Percent of People with Each Score
Percentile by Number Answered
Your Score History
You have not taken this quiz since the last reset